000 00682cam a22002411a 4500
001 68441
003 BD-RjUL
005 20211209081756.0
008 170403m19781963ii a b 001 0 eng d
035 _a(BD-RjUL)68651
040 _aDLC
_cDLC
_dDLC
_dBD-RjUL
_beng
041 _aeng
082 0 0 _223
_a571.92
_bSIP 1978
100 1 _aSingh, R.S.
_944299
245 1 0 _aPlant diseases /
_cR.S. Singh.
250 _a4th ed.
260 _aNew Delhi ;
_aCalcutta :
_bOxford & IBH publishing co.,
_c1978.
300 _axvi, 564p. :
_bill. ;
_c24 cm.
504 _aInclude bibliographies and indexes.
650 0 _aPlant diseases.
_944300
942 _2ddc
_cBK
999 _c68441
_d68441